Obor na hlinených nohách?

Euroázijská hospodárska únia - integračné zoskupenie Ruska s tromi bývalými sovietskymi republikami. Pád kurzu rubľa voči doláru. Fakty o Euroázijskej hospodárskej únii. Veľké plány veľkých hráčov.

Gespeichert in:
Bibliographische Detailangaben
1. Verfasser: Pressburg, Adrian Peter
Format: Buchkapitel
Sprache:Slowakisch
Schlagworte:
Tags: Tag hinzufügen
Keine Tags, Fügen Sie das erste Tag hinzu!

MARC

LEADER 00000naa a2200000 4500
001 0197474
005 20231113102648.2
041 0 |a slo 
044 |a SK 
245 1 0 |a Obor na hlinených nohách?  |c Adrian Peter Pressburg 
520 |a Euroázijská hospodárska únia - integračné zoskupenie Ruska s tromi bývalými sovietskymi republikami. Pád kurzu rubľa voči doláru. Fakty o Euroázijskej hospodárskej únii. Veľké plány veľkých hráčov. 
610 2 0 |a únie hospodárske 
610 2 0 |a Euroázijská ekonomická únia 
610 2 0 |a pohyb tovaru 
610 2 0 |a únie colné 
610 2 0 |a obchod medzinárodný 
610 2 0 |a spolupráca hospodárska medzinárodná 
100 1 |a Pressburg, Adrian Peter